Członkowie Ekipy Friza - Statystyki

Ogólne statystyki
  • Ten quiz został rozwiązany 25 335 razy
    24 705 od ostatniego zresetowania
  • Średni wynik to 10 z 18
Statystyki odpowiedzi
Opis Członek ekipy % Poprawnych
Założyciel ekipy Karol "Friz" Wiśniewski
100%
Jest niski Mateusz "Mini Majk" Krzyżanowski
97%
Od dawna przyjaciel Friza Mateusz "Tromba" Trąbka
95%
Dziewczyna Friza Weronika Sowa
94%
Najstarszy w ekipie Łukasz "Wujek Łuki" Wojtyca
91%
Dziewczyna Mixera Marta "Murcix" Błoch
90%
Wprowadził się do domu ekipy ze swoją dziewczyną Mikołaj "Mixer" Magdziarz
84%
Umie zrobić salto Kamil "Poczciwy Krzychu" Chwastek
80%
Wąż Tromby Puszek
49%
Kameleon Byk/Dino
43%
Pierwszy kot Friza Łapka
37%
Drugi kot Friza Simba
34%
Zbudowano dla niego pokój z dawnego pokoju gier Jakub "Patec" Patecki
28%
Ekipa stworzyła go ze srebrnej taśmy Człowiek Srebrna Taśma
27%
2. wąż Tromby Okruszek
26%
Dziewczyna Tromby Marcysia Ryskala
13%
Dziewczyna Wujaszka Kasia Bożek
11%
3. wąż Tromby Pączuszek
1%
Nie znaleziono quizów pasujących do podanych kryteriów
Rozkład punktacji
Procent ludzi z każdym wynikiem
Percentyl według liczby udzielonych odpowiedzi
Twoja historia wyników
Nie rozwiązałeś tego quizu od ostatniego zresetowania